skbl

Dr Suryya Kumar Bhuyan Library Web-OPAC
ডঃ সূৰ্য্য
কুমাৰ ভূঞা পুথিভঁৰাল ৱেব-অ'পেক

All Research Scholars are advised to clear the annual library fees to continue using Library Resources, Remote Access, Plagiarism Test and Library Clearance.

Cotton University Book Fair 2026

marketing Management Text and Cases (Record no. 67426)

MARC details
000 -LEADER
fixed length control field 00471nam a22002057a 4500
003 - CONTROL NUMBER IDENTIFIER
control field OSt
005 - DATE AND TIME OF LATEST TRANSACTION
control field 20241213110358.0
008 - FIXED-LENGTH DATA ELEMENTS--GENERAL INFORMATION
fixed length control field 241213b |||||||| |||| 00| 0 eng d
020 ## - INTERNATIONAL STANDARD BOOK NUMBER
ISBN 9789356222212
040 ## - CATALOGING SOURCE
Transcribing agency SKBL
041 ## - LANGUAGE CODE
Language code of text/sound track or separate title eng
082 ## - DEWEY DECIMAL CLASSIFICATION NUMBER
Classification number 658.8
100 ## - MAIN ENTRY--AUTHOR NAME
Personal name Panda,Tapan Kumar
Relator term Author
245 ## - TITLE STATEMENT
Title marketing Management Text and Cases
250 ## - EDITION STATEMENT
Edition statement 3rd
260 ## - PUBLICATION, DISTRIBUTION, ETC. (IMPRINT)
Place of publication New Delhi
Name of publisher Taxmann Publication
Year of publication 2022
300 ## - PHYSICAL DESCRIPTION
Number of Pages 833p.
700 ## - ADDED ENTRY--PERSONAL NAME
Relator term Author
942 ## - ADDED ENTRY ELEMENTS (KOHA)
Koha item type Books
Holdings
Withdrawn status Department Home library Current library Accession Date Printed Price Full call number Accession Number Price effective from Koha item type
  Commerce Dr. Suryya Kumar Bhuyan Library Dr. Suryya Kumar Bhuyan Library 13/12/2024 995.00 658.8 CU6276 13/12/2024 Books
  Commerce Dr. Suryya Kumar Bhuyan Library Dr. Suryya Kumar Bhuyan Library 13/12/2024 995.00 658.8 CU6275 13/12/2024 Books

Designed and Maintained by Team SKBL
©1901-2026

Powered by Koha